Pays européens avec la plus âgée population - Statistiques

Statistiques générales
  • Ce quiz a été pris 271 fois
  • Le résultat moyen est 6 sur 10
Statistiques - réponses
Âge moyen Pays % Correct
45.5 Italie
88%
47.1 Allemagne
86%
44.5 Gréce
67%
44 Autriche
63%
53.1 Monaco
59%
44.3 Andorre
52%
44.4 Saint-Marin
48%
44.5 Slovenie
41%
43.7 Lituanie
40%
43.6 Lettonie
39%
Aucun quiz correspondant
Distribution des résultats
% des personnes avec chaque résultat
Percentile par nombre de réponses
Votre historique - résultats
Vous n’avez pas pris ce quiz